An overview on the teaching and learning of phonology at the faculty of foreign languages /

Đã lưu trong:
书目详细资料
主要作者: Tôn Nữ Linh Thoại.
格式: Luận văn
语言:Vietnamese
出版: Đà Lạt : Trường Đại học Đà lạt, 2010.
主题:
标签: 添加标签
没有标签, 成为第一个标记此记录!
Thư viện lưu trữ: Thư viện Trường Đại học Đà Lạt
LEADER 00765nam a2200265 4500
001 DLU110129270
005 ##20111221
040 # # |a DLU  |b vie 
041 # # |a vie 
044 # # |a vn 
082 # # |a 421.5  |b TO-T 
100 # # |a Tôn Nữ Linh Thoại. 
245 # # |a An overview on the teaching and learning of phonology at the faculty of foreign languages /  |c Tôn Nữ Linh Thoại. 
260 # # |a Đà Lạt :  |b Trường Đại học Đà lạt,  |c 2010. 
300 # # |a 28 tr. ;  |c 30 cm. 
653 # # |a ESL  |a Phonology  |a  Teachching method  |a  Learning method  |a University of Dalat 
992 # # |a 0 
994 # # |a DLU 
900 # # |a True 
911 # # |a Đào Thị Thu Huyền 
925 # # |a G 
926 # # |a A 
927 # # |a LA 
980 # # |a Thư viện Trường Đại học Đà Lạt